Bimlov's General Knowledge #9 - Statistics

General Stats
  • This quiz has been taken 18 times
  • The average score is 9 of 20
Answer Stats
Hint Answer % Correct
What is the capital of Portugal? Lisbon
87%
Who directed Schindler's List? Steven Spielberg
87%
What is is the deepest oceanic trench on Earth? Mariana Trench
80%
What animal is often said to have the bill of a duck and the tail of a beaver? Platypus
80%
The Nile River flows into what sea? Mediterranean Sea
73%
What drink is also referred to as Japanese rice wine? Saké
73%
What confectionary gets its name from the mallow plant species? Marshmallows
53%
In Star Wars when Obi-Wan said "That's no moon" what was it actually? the Death Star
53%
What company's logo features a two-tailed siren? Starbucks
47%
What country is home to both the IUCN and WWF headquarters? Switzerland
47%
Chad Kroeger is the lead singer of what band? Nickelback
40%
What is the name for the group of languages, also known Neo-Latin languages and are directly descended from Vulgar Latin? Romance Languages
40%
What name is given to the section of seats of a stadium that are the highest and farthest from the desired activity? Nosebleeds
33%
Natalie Hershlag is professionally known as who? Natalie Portman
27%
What highly valued gemstone is composed of calcium carbonate? Pearl
27%
What mammal has a special thin middle finger that they can use to catch grubs and larvae out of tree trunks? Aye-aye
20%
What sauce consists of an emulsion of garlic and olive oil? Aioli
13%
What abandoned medical theory held that diseases were caused by a noxious form of bad air? Miasma theory
13%
What noun describes the most important or best work that an artist, composer, or writer has produced? Magnum opus
0%
What lunar phase comes after the full moon and before the last quarter? Waning gibbous
0%
No matching quizzes found
Score Distribution
Percent of People with Each Score
Percentile by Number Answered
Your Score History
You have not taken this quiz